000 00478nam a2200205Ia 4500
003 0100
008 130227s9999 xx 000 0 und d
040 _cARRUPELIB
050 _aBF109.J8S76
100 _aStorr, Anthony
245 _aFreud and Jung
245 _ba dual introduction
260 _aNew York
260 _bBarnes and Noble
260 _C1998
300 _a138p.
300 _b 22cm.
650 _bCalendas, Dewtional - Catholic church
942 _2lcc
_03
999 _c4642
_d4642